00374nam a22001212 4500001001100000005001700011008004100028040001500069100003800084245010200122260001000224300001800234000002465420151217161644.0140123s xx 000 0 eng d aKABUcKABU1 aMuyala, Michael I. W.@000018503612aA Quest for reforms of the electoral disputes resolution system in Kenya /cMichael I. W. Muyala. c2013. a p. ;c cm.